000 00451nam a2200181Ia 4500
005 20250423095442.0
008 250422s9999 xx 000 0 und d
020 _a9780444554116
050 _aTN 880 .H34/
100 _aHagoort, Jacques
245 0 _aFundamentals of gas reservoir engineering
260 _aNew York
260 _bElsevier Science Publishers
260 _c1988
300 _a327 p
650 _aGas reservoirs.
942 _cBK
999 _c30320
_d30320